000 00820nam a2200277 a 4500
003 CBULib
005 20240418122035.0
008 190510s2017 ||||||||||||||||| || u
020 _a9781292086903
040 _aCBULib
_cCBULib
_bEnglish
_erda
041 _aeng
050 _a K 90 Her
100 1 _aHerring, Jonathan
_9553
245 1 0 _aMedical law
_c/ by Jonathan Herring
250 _a5th edition
260 _aHarlow :
_bPearson Education Limited,
_c2017
300 _axvi, 168 pages. : illustrations
336 _2rdacontent
_aText |
_btxt
337 _2rdamedia
_aUnmediated |
_bn
338 _2rdacarrier
_aVolume
_bnc
490 _aLaw express
500 _aIncludes bibliographical references and index
504 _aIncludes index.
650 0 _aMEDICAL LAWS AND LEGISLATION
_9554
942 _c002
_2lcc
999 _c50945
_d50945